[Event "Novorossiysk Small Land op"]
[Site "Novorossiysk"]
[Date "2023.07.23"]
[Round "7"]
[White "Yandarbiev, Ruslan"]
[Black "Shestakova, Bogdana"]
[Result "1-0"]
[WhiteElo "2216"]
[BlackElo "1672"]
[PlyCount "59"]
[EventDate "2023.07.17"]
[EventType "swiss"]
[EventRounds "9"]
[EventCountry "RUS"]
[SourceTitle "CBM 215 Extra"]
[Source "ChessBase"]
[SourceDate "2023.09.30"]
[SourceVersion "1"]
[SourceVersionDate "2023.09.30"]
[SourceQuality "1"]

1. d4 d5 2. Nf3 Nf6 3. c4 dxc4 4. e3 a6 5. Bxc4 e6 6. 0-0 c5 7. Qe2 Nc6 8. Rd1 Qc7 9. dxc5 Bxc5 10. a3 b5 11. Ba2 Bb7 12. b4 Bd6 13. Nbd2 Ng4 14. h3 Nge5 15. Bb2 Nxf3+ 16. Nxf3 Ne5 17. Nd4 0-0 18. Rac1 Qb6 19. Nxe6 fxe6 20. Bd4 Nf3+ 21. gxf3 Qd8 22. Bxe6+ Kh8 23. f4 Qe7 24. Qg4 Rae8 25. Qxg7+ Qxg7+ 26. Bxg7+ Kxg7 27. Rxd6 Be4 28. Rc5 h6 29. Rc7+ Kh8 30. Bb3 1-0